000
00304nam a22001337a 4500
008
170815b xxu||||| |||| 00| 0 eng d
020
_a
9780716747826
041
_a
eng
080
_2
6 ED
_a
51
100
_a
36
101
_a
MAT
245
_a
FOR ALL PRACTICAL PUPOES
_c
FREEMAN.W.H
942
_2
udc
_c
BK
999
_c
23485
_d
23485